[Event "Turnier 40 / 120"]
[Site "Wien"]
[Date "2022.02.19"]
[Round "65"]
[White "MCGE ARM CORTEX M7 - 300 MHZ"]
[Black "MCGP ARM CORTEX M4 - 120 MHZ"]
[Result "1/2-1/2"]
[BlackElo "2291"]
[WhiteElo "2405"]

1. c4 Nf6 2. g3 e6 3. d4 c5 4. d5 exd5 5. cxd5 g6 6. Nc3 d6 7. Nf3 Bg7
{Buchende} 8. Nd2 {Buchende} a6 {Buchbewertung MCGP: -0,06} 9. a4
{Buchberwertung MCGE: +0,28 / lt. Stockfish steht Weiss knapp besser mit
ca. +0,30} Nbd7 10. Bg2 Ne5 11. Nde4 Bf5 12. Bg5 O-O 13. O-O Qe7 {deutlich
besser ist Lxe4, nach dem Textzug ist Weiss im Vorteil mit ca. +1,40} 14.
Bxf6 Bxf6 15. Nxf6+ Qxf6 16. a5 {deutlich besser ist e4, nach dem Textzug
ist Weiss nur noch knapp im Vorteil mit ca. +0,50} Rfe8 17. Qb3 {besser ist
e4, die Stellung ist im Lot} Rab8 {deutlich besser ist g5, Weiss ist wieder
im Vorteil mit der Fortsetzung e4 mit ca. +1,50} 18. h3 {deutlich schwächer
als e4, Weiss ist nur noch hauchdünn im Vorteil mit ca. +0,20} g5 19. f4
gxf4 20. Rxf4 Qg6 21. Na4 Bc2 22. Qc3 Bxa4 23. Raxa4 {die Stellung ist im
Lot, Stockfish 0,00} Qg7 24. e4 {ein ganz schwacher Zug, der Schwarz klar
in Vorteil bringt, Stockfish +2,00 mit der Fortsetzung b5, nötig war Db3
und alles ist im Lot} Re7? {damit ist allerdings kein Blumentopf zu
gewinnen, die Stellung ist wieder im Lot mit der Fortsetzung Lf1} 25. Rf5?
{die Stellung übersteigt die Möglichkeiten beider Geräte, wieder könnte
Schwarz mittels b6 oder b5 klar in Vorteil kommen mit ca. +1,50} Nd7? {und
schon ist der Vorteil wieder dahin, Weiss könnte mit Tf4 oder Lf1 oder De3
ausgleichen (MCGE hätte übrigens b6 erwartet).} 26. Rf2 b5 27. axb6 Rxb6
28. Bf1 Nb8 29. Rf4 Kh8 30. Ra2 Reb7 31. Rf6 Kg8 32. Ra3? {ein schwacher
Zug, der Schwarz in Vorteil bringt, Stockfish +1,00 mit der Fortsetzung
Sd7, nötig war e5 mit Ausgleich} Nd7 33. Rf4? {nochmal eine Bauereinheit
schlechter als Tf2, Stockfish +2,00 für Schwarz mit der Fortsetzung Dd4+}
Ne5 {etwas schwächer als Dd4+, aber der schwarze Springer hat dort ein
Traumfeld gefunden, kann eigentlich von nichts mehr vertrieben werden,
Weiss hat einfach nichts mehr um den Springer dort anzugreifen, Schwarz
steht klar besser mit ca. +1,50} 34. Rf5? {deutlich mehr Widerstand bot b3,
nach dem Textzug ist die Partie verloren für Weiss, Stockfish -3,50 mit der
Fortsetzung Txb2} Rxb2 35. Rxa6 h6! {der richtige Zug, Weiss kann praktisch
aufgeben, Stockfish -4,60, MCGP sieht aber keinen Vorteil, Bewertung -0,21,
das entspricht auch der Bewertung des MCGE, der sieht hier noch keinen
Nachteil.} 36. Ra8+ Kh7 37. Ra3 {Stockfish +6,00 für Schwarz mit der
Fortsetzung c4} Rb1 {schwächer als c4, Schwarz steht aber nach wie vor klar
auf Gewinn, Stockfish +4,00} 38. g4 R7b2 39. Qg3 Nc4 40. Raf3 Kg8?
{verschenkt den Sieg auf einen Schlag, Stockfish 0,00 gewonnen hätte Se5
mit +4,00 für Schwarz, der MCGP sieht hier das Remis und bewertet mit 0,00,
das Problem für einen Oldie bei Se5 war natürlich dass es eine
Stellungswiederholung wäre und somit Bewertung ebenfalls 0,00, Stockfish
hätte es natürlich als Fehlerkorrektur gesehen.} 41. Rxf7 Qd4+ 42. Kh1 Qxe4
43. Rf8+ Kg7 44. Rf7+ Kh8 45. Rf8+ Kh7 46. Rf7+ Kg6 47. Rf6+ Kg7 48. Rf7+
Kh8 49. Rf8+ Kg7 50. Rf7+ {Stellungswiederholung} 1/2-1/2
[/pgn]
[pgn]

[Event "Turnier 40 / 120"]
[Site "Wien"]
[Date "2022.02.20"]
[Round "66"]
[White "MCGP ARM CORTEX M4 - 120 MHZ"]
[Black "MCGE ARM CORTEX M7 - 120 MHZ"]
[Result "0-1"]
[BlackElo "2405"]
[WhiteElo "2291"]

1. e4 c5 2. Nf3 d6 3. d4 cxd4 4. Qxd4 a6 5. c4 {Buchende} Bg4 {Buchende} 6.
Be2 {Buchbewertung MCGP: +0,10} Nc6 {Buchbewertung MCGE: -0,04 / lt.
Stockfish steht Weiss etwas besser mit ca. +0,50} 7. Qd1 g6 8. h3 Bxf3 9.
Bxf3 Bg7 10. O-O Nd4 11. Bg4 h5 12. Be2 Nxe2+ 13. Qxe2 Qb6 14. Rd1 Rc8 15.
Na3 {die Stellung ist im Lot, Stockfish 0,00} h4 16. Rb1 Nf6 17. b3 Qc5 18.
Bb2 O-O 19. Nc2 b5 20. Ne3 bxc4 21. Nxc4 Qb5 22. Qf3 Nd7 23. Bxg7 Kxg7 24.
Qf4 Rh8 25. Rbc1 Nf6 26. e5 dxe5 27. Nxe5 Qe2 28. Ra1 Qb2 29. Nc4 Qc3 30.
Rac1 Qb4 31. Qd4 Rh5 32. Re1 {die Stellung ist immer noch im Lot, Stockfish
0,00} Rc7 33. Rcd1 Rd7 34. Qa1 Rxd1 35. Rxd1 Qc5 36. Qd4 Qxd4 37. Rxd4 Rd5
38. Rxd5 Nxd5 39. Ne5 Nb4 40. a3 Nc2 {nach wie vor alles im Lot, Stockfish
0,00} 41. Nd7 Nxa3 42. Nb8 Kf6 43. Nxa6 Nb5 44. Nc5 Ke5 45. Nd3+ Ke4 46.
Nc5+ Kd5 47. Nd3 Nd4 48. Nc1 g5 49. Kf1 f6 50. Ke1 Kc5 51. Kd2 Kb4 {noch
immer alles im Lot, Stockfish 0,00} 52. Ke3 Nxb3 53. Nd3+ Kc4 54. Nb2+ Kd5
55. Na4? {der 1. etwas schwächere Zug in der gesamten Partie, nach dem
Textzug ist Schwarz im Vorteil mit ca. +1,00 mit der Fortsetzung Sc5, nach
f4 wäre alles im Lot geblieben.} e5 {etwas schwächer als Sc5, Schwarz ist
mit ca. +0,50 im Vorteil} 56. Nc3+ {besser ist g3, nach dem Textzug ist
Schwarz mit ca. +1,30 im Vorteil} Ke6 57. Ne4 Nd4 58. Kd3 Ke7 59. Nc3 f5
60. Nd5+ Ke6 61. Nc7+? {ein schwacher Zug der die Partie bereits verliert,
Stockfish +4,00 mit der Fortsetzung Kd6, nötig war Se3 mit ca. +1,30 für
Schwarz} Kd6 62. Ne8+ Kc6 63. Nf6 Ne6? {ein schwacher Zug, um ganze 3
Bauerneinheiten schlechter als Kd6, Stockfish nur noch +1,50 für Schwarz
mit der Fortsetzung g4} 64. Ke2? {verliert die Partie, Stockfish +7,00 für
Schwarz} Nf4+ 65. Kf1 e4 66. Nh7 Ne6 67. Nf6 Kd6 {MCGE +1,48 / Stockfish
+8,50} 68. Kg1 Nc7 69. Nh7 Ke7 70. Nxg5 Kf6 71. Nh7+ Kg7 72. Ng5 Kg6 73. f4
Nd5 74. Ne6 Kf6 75. Nd4 Nxf4 76. Kf2 Nd3+ 77. Ke3 Nb4 78. Kd2 Ke5 79. Nb5
Nd5 80. Ke2 Nf4+ 81. Kf2 e3+ 82. Kxe3 Nxg2+ 83. Kf3 Nf4 84. Na3 Nxh3 85.
Nc4+ Kd5 86. Ne3+ Ke6 87. Ng2 Ng5+ 88. Ke3 h3 89. Nf4+ Kf6 90. Kf2 Ke5
{Stockfish Matt in 25 !!!} 91. Ke3 h2 92. Nd3+ Ke6 93. Nf2 Ne4 94. Nh1 Ke5
95. Kf3 f4 96. Kg2 Ng3 97. Nf2 h1=Q+ 98. Nxh1 Nxh1 99. Kxh1 Ke4 100. Kg2
Ke3 101. Kf1 Kf3 102. Ke1 Kg2 {Rest geschenkt} 0-1
[/pgn]
[pgn]

[Event "Turnier 40 / 120"]
[Site "Wien"]
[Date "2022.02.21"]
[Round "67"]
[White "MCGE ARM CORTEX M7 - 300 MHZ"]
[Black "MCGP ARM CORTEX M4 - 120 MHZ"]
[Result "1/2-1/2"]
[BlackElo "2291"]
[WhiteElo "2405"]

1. d4 d5 2. Nf3 Nf6 3. e3 c6 4. Nbd2 {Buchende} Bf5 5. c4 e6 {Buchende} 6.
Nh4 {Buchzug Buchende} Bg4 7. Nhf3 Nbd7 {MCGP wieder im Buch} 8. Qc2 {MCGE
wieder im Buch} Bd6 9. Be2 O-O {Buchende} 10. O-O {Buchende} Bf5
{Buchbewertung MCGP: +0,34} 11. Bd3 {Buchbewertung MCGE: -0,18 lt.
Stockfish ist die Stellung etwa gleich} Bxd3 12. Qxd3 Qc7 13. h3 e5 14.
dxe5 Nxe5 15. Nxe5 Bxe5 16. Nf3 Rad8 17. Rb1 Rfe8 18. b3 Ne4 19. Qc2 Bc3
20. Bb2 Bxb2 21. Qxb2 Qa5 22. a3 Qc5 23. Rbc1 dxc4 24. Rxc4 Qf5 25. Qc2 Qg6
26. Rc1 h6 27. Ra4 a6 28. Ra5 Qd6 29. b4 Qd3 30. Nd4 Qxc2 31. Rxc2 g6 32.
Kf1 Kg7 33. Kg1 Rd7 34. Kf1 {die Stellung ist im Lot, Stockfish 0,00} Rd6
35. Kg1 Ng5 36. Kf1 Ne6 37. Nxe6+ Rexe6 38. Ke2 Kf6 39. Rac5 h5 40. g4 hxg4
41. hxg4 Rd8 42. g5+ Ke7 43. a4 Rd4 44. R2c4 Rd7 45. a5 Red6 46. Re4+ Kd8
47. Rc2 Rd1 48. Rec4 Rh1 49. Rd2 Rxd2+ 50. Kxd2 Rh2 51. Ke2 Rg2 52. Rc5 Ke7
53. e4 Rh2 54. Ke3 Rh3+ 55. f3 Ke6 56. Rc1 Rg3 57. Rc5 Rg2 58. f4 Kd6 59.
Rc4 Ke6 60. Kf3 Rd2 61. Ke3 Rg2 62. Rc1 Rb2 63. Rc4 Rg2
{Stellungswiederholung} 1/2-1/2
[/pgn]
[pgn]

[Event "Turnier 40 / 120"]
[Site "Wien"]
[Date "2022.02.22"]
[Round "68"]
[White "MCGP ARM CORTEX M4 - 120 MHZ"]
[Black "MCGE ARM CORTEX M7 - 300 MHZ"]
[Result "0-1"]
[BlackElo "2405"]
[WhiteElo "2291"]

1. d4 e6 2. e4 c5 3. Nf3 cxd4 4. Nxd4 a6 5. Nc3 Qc7 6. Bd3 Bd6 7. Be3
{Buchende} Nf6 {Buchende} 8. Nf3 {Buchbewertung MCGP: +0,09} b5
{Buchbewertung MCGE: 0,00 / lt. Stockfish ist die Stellung exakt gleich
0,00} 9. a3 Bb7 10. Bg5 Be7 11. O-O d6 12. Qe2 O-O 13. Rfd1 Nbd7 14. Qe3
Rac8 {Schwarz steht etwas besser mit ca. +1,00 lt. Stockfish} 15. h3 h6 16.
Bf4 Ne5 17. Be2 Rfd8 18. Rd2 Ng6 19. Bg3 Qc5 20. Rd3 Qxe3 21. Rxe3 Nh5 22.
Nd4? {ein ganz schwacher Zug, der die Partie praktisch schon verliert,
Stockfish +2,70 für Schwarz mit der Fortsetzung Sxg3, nach Lh2 wäre noch
nichts verloren für Weiss} Nxg3 23. Rxg3 Ne5 24. f4 Nc4 25. Bxc4 Rxc4 26.
Nb3 {deutlich mehr Widerstand bot Td1, Stockfish +3,20 für Schwarz} Bxe4
27. Nd2 {deutlich besser ist noch Sxe4, Stockfish +5,00 für Schwarz} Bxc2
28. Nxc4 bxc4 {rein Materiell gesehen ist die Partie im Gleichgewicht,
Weiss besitzt Turm + Springer gegen das Läuferpaar und 2 Bauern, die
Stellung ist jedoch bereits hoffnungslos verloren für Weiss, Stockfish
-5,00} 29. Rc1 Bd3 {MCGE +1,37} 30. Nd1 Rb8 31. b4 {besser ist Sf2} Bf6 32.
Kh1? {immer noch deutlich besser ist Sf2, Stockfish +5,50 für Schwarz} Bd4
33. Rg4 Kf8 34. Rg3 Ke7 35. Nc3 g5 36. fxg5 hxg5 37. Rg4 Be5 38. g3 f6
{hier könnte man sich den Rest schon schenken, Schwarz hat bereits im
Zentrum 3 verbundene Freibauern und das starke Läuferpaar, da ist nichts
mehr zu holen für Weiss, Stockfish +7,00 für Schwarz} 39. h4 Rg8 40. Na4 d5
41. hxg5 fxg5 42. Re1 Kd6 43. Nc5 Bf5 44. Nb7+ Kc7 45. Rxe5 Bxg4 {Rest
geschenkt} 0-1
[/pgn]
[pgn]

[Event "Turnier 40 / 120"]
[Site "Wien"]
[Date "2022.02.23"]
[Round "69"]
[White "MCGE ARM CORTEX M7 - 300 MHZ"]
[Black "MCGP ARM CORTEX M4 - 120 MHZ"]
[Result "1/2-1/2"]
[BlackElo "2291"]
[WhiteElo "2405"]

1. e4 c5 2. Ne2 e5 3. Nbc3 Nc6 {Buchende} 4. Ng3 {Buchende} Nf6
{Buchbewertung MCGP: -0,20} 5. Bc4 {Buchbewertung MCGE: +0,20 / lt.
Stockfish steht Weiss etwas besser mit ca. +0,60} Na5 6. Bd5 d6 7. d3 Be7
8. O-O O-O 9. Be3 Nc6 10. Bb3 a6 11. Nh5 Ng4 12. Bc1 Nd4 13. h3 Nxb3 14.
axb3 Nf6 15. f4 Be6? {ein schlechter Zug, danach ist Weiss ganz klar im
Vorteil, Stockfish +2,20 mit der Fortsetzung Sxf6+} 16. f5 Bd7 {deutlich
besser ist Sxh5} 17. Nxf6+ Bxf6 18. Qg4? {verpasst das deutlich stärkere
Sd5, Stockfish nur noch +0,60 für Weiss mit der Fortsetzung Lc6} Bc6 19.
Rf3 Kh8 20. Rg3 Rg8 21. Be3 Bh4 22. Rf3 Re8 23. Nd5 {deutlich stärker ist
Dh5, nach dem Textzug ist die Stellung im Lot} Bxd5 24. exd5 Bf6 25. Rf2
{deutlich besser ist De4, nach dem Textzug ist Schwarz bereits im Vorteil
mit ca. +1,00 mit der Fortsetzung e4} Qe7? {dieser Zug bringt keinen
Vorteil für Schwarz, die Stellung ist wieder im Lot} 26. Re2 b6 27. b4 Qb7
28. bxc5 bxc5 29. Qc4 {besser ist c4, nach dem Textzug ist Schwarz im
Vorteil mit ca. +1,00} Qxb2 30. Rxa6 Be7 {deutlich besser ist Txa6, nach
dem Textzug ist die Stellung wieder im Lot} 31. Kh2 Qb7 32. Rc6 Qd7 33. Rf2
Reb8 34. Qg4 Rb2 35. Qh5 Kg8? {ein schwacher Zug, hier könnte Weiss mit f6
klar in Vorteil kommen, Stockfish +1,80 für Weiss} 36. Qg4? {verpasst den
Vorteil, nun ist Schwarz wieder knapp im Vorteil mit ca. +0,50} Rb4 37. c4
Kh8? {besser ist f6} 38. f6 Qxg4 39. hxg4 {die Stellung ist im Lot,
Stockfish 0,00} gxf6 40. Rc7 Re8 41. Ra2 Bf8 42. Rxf7 Rb3 43. Raa7 Kg8 44.
Rxh7 Rxd3 45. g5 Rxe3 46. gxf6 Rb8 47. Rh5 Re4 48. Rg5+ Kh8 49. Rh5+ Kg8
50. Rg5+ Kh8 51. Rh5+ Kg8 {Stellungswiederholung} 1/2-1/2
[/pgn]
[pgn]

[Event "Turnier 40 / 120"]
[Site "Wien"]
[Date "2022.04.15"]
[Round "70"]
[White "MCGP ARM CORTEX M4 - 120 MHZ"]
[Black "MCGE ARM CORTEX M7 - 300 MHZ"]
[Result "0-1"]
[BlackElo "2405"]
[WhiteElo "2291"]

1. e4 e5 2. Nc3 Nc6 3. Bc4 d6 4. d3 {Buchende} Na5 {Buchende} 5. Bb5+
{Buchbewertung MCGP: +0,21} c6 {Buchbewertung MCGE: -0,12 / lt. Komodo ist
die Stellung etwa gleich} 6. Ba4 Nf6 7. Nf3 b5 8. Bb3 Be7 9. Be3 O-O 10.
O-O Ng4 11. Bd2 Nxb3 12. axb3 f5 13. h3 Nf6 14. Qe2 Kh8? {ohne Worte} 15.
exf5 Bxf5 16. Ra6 Bc8 17. Ra2 Nd5 18. Nxd5 cxd5 19. d4 e4 20. Nh2 Qb6 21.
Be3 a6 22. Rfa1 Ra7 23. b4 Qc6 24. c3 Qe8 25. Nf1 Bh4 26. Nd2 {etwas besser
ist Sg3, Komodo +0,90 für Schwarz mit der Fortsetzung Dg6} Qg6 27. Kh1?
{ein Verlustzug, danach ist die Partie schon verloren, Komodo +3,00 für
Schwarz mit der Fortsetzung Taf7, nötig war Kh2} Re7? {Doch der MCGE
vergibt komischerweise diese Chance, was will der schwarze Turm auf der
E-Linie hinter dem eigenen Bauern ist er wirkungslos, Komodo nur noch +0,40
für Schwarz} 28. Ra3? {der nächste Verlustzug, wieder gewinnt Tef7} Kg8?
{der MCGE lässt wieder die Chance Komodo +0,80 für Schwarz} 29. Ra5? {der
nächste Verlustzug, Komodo +4,50 für Schwarz mit der Fortsetzung Tef7,
nötig war Tf1} Ref7 30. Rf1? {mehr Widerstand bietet noch Tg1, nach dem
Textzug ist endgültig alles vorbei hier gewinnt bereits Lxh3 sofort mit
+8,00} Be7? {doch auf diesen Gewinnzug kommt der MCGE nicht, Komodo nur
noch +0,70 für Schwarz} 31. Raa1 Bd8 {hier hätte Tf3 !!! bereits
entscheidenden Vorteil für Schwarz gebracht, das kann man aber beim besten
Willen nicht verlangen} 32. Rfe1? {ein schwacher Zug, der Schwarz wieder
die Chance auf klaren Vorteil bringt, Komodo +1,60 mit der Fortsetzung Lh4,
deutlich besser ist Kh2} Bh4 33. Rf1 {hier kann Schwarz bereits wieder
entscheidend in Vorteil kommen, aber der Gewinnzug ist ausserhalb der
Reichweite eines jeden Oldies, es wäre Tf3 !!!} Rf6 {war klar, diese
Stellung ist einfach zu komplex für beide Geräte nach dem Textzug ist
Schwarz noch mit ca. +0,90 im Vorteil} 34. f3 Re8 35. Ra5? {ein absoluter
Verlustzug, danach ist die Partie sofort verloren, Komodo +4,50 für Schwarz
mit der Fortsetzung exf3, nötig war fxe4 mit Ausgleich} Qh5 {deutlich
schwächer als exf3, aber auch nach dieser Fortsetzung steht Schwarz klar
auf Gewinn, Komodo +3,00} 36. g4 exf3 37. Nxf3 Qh6 38. g5 {etwas mehr
Widerstand bot noch Lxh6 verliert aber auch schon klar, Komodo +6,00 für
Schwarz} Bxg5 39. Nxg5 Rxe3 40. Qxe3 Rxf1+ 41. Kh2 Qh5 42. Kg2 Rf5 43. Nxh7
Qd1 44. Ng5 Qf1+ {Komodo Matt in 14} 45. Kh2 Rf2+ 46. Kg3 Rg2+ {MCGE:
Mattankündigung in 10 !!} 47. Kh4 Rxg5 48. Kxg5 Qf6+ 49. Kh5 Kh7 50. Qg5
Qf3+ 51. Qg4 Bxg4+ 52. hxg4 Qh1+ 53. Kg5 Qh6+ 54. Kf5 Qf6# 0-1
[/pgn]
[pgn]

[Event "Turnier 40 / 120"]
[Site "Wien"]
[Date "2022.04.16"]
[Round "72"]
[White "MCGP ARM CORTEX M4 - 120 MHZ"]
[Black "MCGE ARM CORTEX M7 - 300 MHZ"]
[Result "0-1"]
[BlackElo "2405"]
[WhiteElo "2291"]

1. d4 Nf6 2. g3 g6 3. Bg2 Bg7 4. e4 d6 5. Ne2 O-O 6. O-O e5 7. Nbc3 Nbd7 8.
h3 {Buchende} a6 {Buchende} 9. Be3 {Buchbewertung MCGP: +0,14} Nb6
{Buchbewertung MCGE: -0,09 / lt. Komodo steht Weiss etwas besser mit ca.
+0,70, besser war exd4} 10. b3 Bd7 11. f4 exd4 12. Bxd4 Bc6 13. e5 {besser
ist Dd3, die Stellung ist im Lot} dxe5 14. fxe5 Nfd5 15. Ne4 Re8 16. Qd2
Bxe5 17. Qh6 f5 18. Ng5 Qd7 19. Rf2? {ein schlechter Zuz, der Schwarz
bereits klar in Vorteil bringt, Komodo +1,50 mit der Fortsetzung Sf6} Nb4?
{auch nicht besser, nach diesem Zug ist die Stellung gleich wieder im Lot,
Komodo 0,00 mit der Fortsetzung g4} 20. Bxc6 {etwas schwächer als g4,
Komodo +0,40 für Schwarz} Nxc6 21. Bxe5 Rxe5 22. Nf4 Rae8 23. Kg2? {ein
Verlustzug, damit ist Schwarz bereits entscheidend im Vorteil, Komodo +2,20
mit der Fortsetzung Sd5, nötig war g4 mit nur sehr geringem Vorteil für
Schwarz} Nd5! {Der Favorit nützt die Chance} 24. Nxd5 {deutlich besser ist
noch Sf3, Komodo +3,00 für Schwarz} Qxd5+ 25. Kh2 R8e7 26. Rg1 Nd4 27. c4
Qd6 28. Qh4 Ne2 {deutlich stärker ist c5, dennoch steht Schwarz klar auf
Gewinn, Komodo +2,80} 29. Rgg2 Re3 30. Rf3 Rxf3 31. Nxf3 Re3 32. Ng5
{deutlich besser ist Dg5, Komodo +3,30 für Schwarz} h5 33. c5 Qxc5 {ein 2.
Mehrbauer für Schwarz und die aktivere Figurenstellung, damit ist die
Partie so gut wie gelaufen, Komodo +3,50} 34. Qc4+ Qxc4 35. bxc4 Kg7 36. c5
Kf6 37. Nh7+ Ke7 38. Ng5 Kd7 39. Nf7 Kc6 40. Rf2 Nxg3 {ein 3. Mehrbauer für
Schwarz, Komodo +5,00, hier erspare ich dem Aussenseiter die Hinrichtung,
Userentscheid: 0-1} 0-1
[/pgn]
[pgn]

[Event "Turnier 40 / 120"]
[Site "Wien"]
[Date "2022.04.17"]
[Round "73"]
[White "MCGE ARM CORTEX M7 - 300 MHZ"]
[Black "MCGP ARM CORTEX M4 - 120 MHZ"]
[Result "1-0"]
[BlackElo "2291"]
[WhiteElo "2405"]

1. c4 e5 2. Nc3 Nc6 3. g3 f5 {Buchende} 4. e3 {Buchende} Nf6 {Buchbewertung
MCGP: +0,01} 5. Bg2 Be7 {Buchzug / Buchende} 6. Nge2 {Buchzug / Buchende}
O-O 7. O-O {Buchbewertung MCGE: +0,31 / lt. Komodo steht Weiss etwas besser
mit ca. +0,60} d6 8. d4 e4 9. Nf4 Bd7 10. Bd2 Rf7 {besser ist Te8, Komodo
+1,10 für Weiss} 11. Ncd5 a6 12. Rc1 b6 13. Qc2 Ng4? {ein schwacher Zug,
der Weiss bereits sehr klar in Vorteil bringt, Komodo +1,80 für Weiss} 14.
h3 Nf6 15. f3 exf3 16. Bxf3 Qc8 17. Nxe7+ {deutlich besser ist Sxf6, Komodo
+0,90 für Weiss} Rxe7 {deutlich besser ist Sxe7, Komodo +1,60 für Weiss mit
der Fortsetzung Sd5} 18. Nd5 Rf7 {besser ist Sxd5, Komodo +1,90 für Weiss
mit der Fortsetzung Lc3} 19. Bc3 Ne8 20. Kh2 Qb7? {sich mit der Dame in die
Schusslinie des weissen Läufers zu begeben ist keine gute Idee, nach dem
Textzug ist die Partie bereits verloren für Schwarz, Komodo +3,80 mit der
Fortsetzung Dg2} 21. Qg2! {klar Weiss erhöht den Druck auf der Diagonale
a8-h1, da ist nichts mehr zu retten für Schwarz} a5 22. b4 b5 23. a4 bxc4
24. b5 Qa7 25. bxc6 {Userentscheid: 1-0} 1-0
[/pgn]
[pgn]

[Event "Turnier 40 / 120 "]
[Site "Wien"]
[Date "2022.04.18"]
[Round "74"]
[White "MCGP ARM CORTEX M4 - 120 MHZ"]
[Black "MCGE ARM CORTEX M7 - 300 MHZ"]
[Result "0-1"]
[BlackElo "2405"]
[WhiteElo "2291"]

1. e4 c5 2. Nf3 g6 3. d4 Bg7 4. d5 Nf6 5. Nc3 d6 6. Be2 Na6 7. O-O Nc7 8.
Re1 O-O 9. a4 {Buchende} a6 10. Rf1? {Buchbewertung MCGP: 0,00, Den Turm
wieder auf f1 zurückzuziehen macht die Entwicklung rückgängig ein
unverständlicher Zug, klar besser war Lf4, dennoch ist die Stellung im Lot
lt. Komodo} Rb8 {Buchbewertung MCGE: +0,12} 11. a5 b5 12. axb6 Rxb6 13. Ne1
Nb5 14. Nxb5 axb5 15. Qd3 Qc7 16. Bg5 Ra6 17. Rxa6 Bxa6 18. b3 Ra8 19. f3
Qa5 20. Kh1 b4 21. Qd2 Bxe2 22. Qxe2 Qa1 23. Bh4 Qd4 24. Qb5? {klar
schwächer als Lg5, nach dem Textzug ist Schwarz bereits klar im Vorteil,
Komodo +1,50 mit der Fortsetzung Ta1} Ra1 25. Qb7? {klar schwächer als Lf2,
Komodo +2,20 für Schwarz} Bf8 26. h3 Kg7 {deutlich schwächer als Dd2,
Komodo +1,50 für Schwarz} 27. Bf2 Qd2 28. Kg1 Nh5 29. Qd7? {ein ganz
schlechter Zug, der die Partie bereits verliert, Komodo +3,50 für Schwarz,
Weiss hätte unbedingt das Eindringen des schwarzes Springers in sein Lager
verhindern müssen, nötig war natürlich g3, um den Springer nicht über F4
einfallen zu lassen} Nf4! {na klar, was sonst} 30. Qg4? {gleich nochmal
klar schwächer als Db5, Komodo -6,00} Ne2+? {ein ganz schlechter Zug, der
den Vorteil von Schwarz halbiert, Komodo +3,00, nötig war h5} 31. Kh2?
{klar schwächer als Kh1, Komodo -5,00} Kg8 {immer noch war h5 deutlich
stärker, aber auch diese Fortsetzung ist völlig ausreichend, Komodo +3,50}
32. Kh1? {hier ist f4 deutlich vorzuziehen, Komodo -5,50} Bh6 33. f4 Bxf4
34. Qf3 Qd1 35. Bh4 Ng3+ 36. Bxg3 Qxf3 37. Rxf3 Bxg3 38. Rxg3 Rxe1+ 39. Kh2
Rxe4 40. Rg4? {es ist schon egal, aber den Turmtausch anzubieten ist
natürlich nochmal ganz schlecht und beschleunigt den Untergang} Re2 {viel
einfacher ist natürlich Txg4, aber es spielt keine Rolle mehr} 41. Rc4 Rd2
42. Kg3 Rxd5 {angesichts des 3. Mehrbauern für Schwarz und einer makellosen
Bauernstruktur, die keine Angriffspunkte für Weiss mehr bietet,
Userentscheid: 0-1} 0-1
[/pgn]
[pgn]